| 000 | 00334nam a2200133Ia 4500 | ||
|---|---|---|---|
| 005 | 20251222141808.0 | ||
| 008 | 251222s9999||||xx |||||||||||||| ||spa|| | ||
| 020 | _a9972-753-02-6 | ||
| 082 | _a512.5/L16 | ||
| 100 | _aLages Lima, Elon | ||
| 245 | 0 | _aAlgebra Lineal | |
| 264 | _bInstituto de Matemática y Ciencias Afines | ||
| 942 | _cLIB | ||
| 999 |
_c6387 _d6387 |
||